LEADER 01063nam0 22002651i 450 001 UON00192099 005 20231205103219.244 100 $a20030730d1964 |0itac50 ba 101 $aeng 102 $aGB 105 $a|||| 1|||| 200 1 $aJane Austen's literary manuscripts$ea study of the novelist's development through the surviving papers$fby B.C. Southam 210 $aLondon$cOxford University Press$d1964 215 $axii, 153 p.$d22 cm. 606 $aAUSTEN JANE$3UONC038270$2FI 620 $aGB$dLondon$3UONL003044 676 $a820$cLetteratura inglese e antico inglese$v21 700 1$aSOUTHAM$bB.C.$3UONV113189$0166112 712 $aOxford University Press$3UONV245947$4650 801 $aIT$bSOL$c20240220$gRICA 899 $aSIBA - SISTEMA BIBLIOTECARIO DI ATENEO$2UONSI 912 $aUON00192099 950 $aSIBA - SISTEMA BIBLIOTECARIO DI ATENEO$dSI Angl IV B AUS SOU $eSI SI 1302 5 996 $aJane Austens literary manuscripts$9173512 997 $aUNIOR